000 01605cam a22004574i 4500
003 PE-LiUPU
005 20250731173538.0
008 150616s r 000 0 d
020 _a0806622660
035 _a(Sirsi) i9780806622668
040 _aPE-LiUPU
_bspa
_cPE-LiUPU
_erda
049 _aPRUA
082 0 4 _a248.6
_bT75
_221
100 1 _aTournier, Paul,
_eautor.
245 1 2 _aA Listening Ear /
_cPaul Tournier.
264 1 _aMinneapolis :
_bAugsburg Publishing House,
_c1986.
300 _a143 páginas ;
_c20 centímetros
336 _atext
_2rdacontent
337 _aunmediated
_2rdamedia
338 _avolume
_2rdacarrier
505 0 _aThe power of listening and the power of silence.- Overview.- Taking personal problems into account.- The third dimension of medicine.- Healing society.- The enigma of suffering.- How to make a marriage work.
526 _aSEG42
526 _aSEG41
526 _aSEG40
526 _aSEG39
526 _aP94
526 _aP87
526 _aP86
526 _aP85
526 _aP77
526 _aP76
526 _aP35
650 0 4 _aServicio al prójimo.
910 _ajck
_bjvq
_cjck
942 _2ddc
_cBOOK
949 _a248.6 T75
_wDEWEY
_c1
_i42525
_lCCODEBUL1
_mBUL
_r0
_sY
_tBOOK
_u2015-6-16
_xTEOLOGIA
_zUNKNOWN
_0COMPRA
_o.STAFF. Colección General
994 _aC0
_bPEPRU
596 _a1
999 _a248.6 T75
_wDEWEY
_c60357
_i42525
_f2021-11-12
_g5
_lCCODEBUL1
_mBUL
_r0
_sY
_tBOOK
_u2015-6-16
_xTEOLOGIA
_zUNKNOWN
_0COMPRA
_o.STAFF. Colección General
_d60357
980 _81
_gALBERTO SANCHEZ Responsable de Automatización